Makroekonomie
Guardado en:
| Autor principal: | |
|---|---|
| Otros Autores: | , , |
| Formato: | Libro |
| Lenguaje: | checo |
| Publicado: |
Praha
Management Press
2018
|
| Edición: | 3. aktualizované a doplněné vydání |
| Materias: | |
| Etiquetas: |
Sin Etiquetas, Sea el primero en etiquetar este registro!
|
MARC
| LEADER | 00000nam a2200000 4500 | ||
|---|---|---|---|
| 001 | 0258297 | ||
| 005 | 20240221114152.5 | ||
| 020 | |a 978-80-7261-537-7 | ||
| 041 | 0 | |a cze | |
| 044 | |a CZ | ||
| 245 | 1 | 0 | |a Makroekonomie |c Jindřich Soukup, Vít Pošta, Pavel Neset, Tomáš Pavelka ; lektorovali: Helena Horská ... [et al.] |
| 250 | |a 3. aktualizované a doplněné vydání | ||
| 264 | 1 | |a Praha |b Management Press |c 2018 | |
| 300 | |a 535 s. | ||
| 610 | 2 | 0 | |a makroekonomika |
| 610 | 2 | 0 | |a rovnováha hospodárska |
| 610 | 2 | 0 | |a hospodárstvo otvorené |
| 610 | 2 | 0 | |a trh práce |
| 610 | 2 | 0 | |a inflácia |
| 610 | 2 | 0 | |a rast hospodársky |
| 610 | 2 | 0 | |a politika hospodárska |
| 610 | 2 | 0 | |a Česko |
| 100 | 1 | |a Soukup, Jindřich | |
| 700 | 1 | |a Pošta, Vít | |
| 700 | 1 | |a Neset, Pavel | |
| 700 | 1 | |a Pavelka, Tomáš | |